[Event "SG Jasmund-Königsspringer SC 1984"]
[Site "?"]
[Date "2020.09.10"]
[Round "2.2"]
[White "Johlke, Lorenz"]
[Black "Kipke, Mark"]
[Result "1-0"]
[WhiteElo "1643"]
[BlackElo "1674"]
[PlyCount "47"]
[EventDate "2020.??.??"]
[WhiteTeam "SG Jasmund"]
[BlackTeam "Königsspringer SC 1984"]

1. e4 c5 2. f4 Nc6 3. Nf3 g6 4. Nc3 Bg7 5. Bb5 e6 6. Bxc6 bxc6 7. d3 d5 8. e5
Ne7 9. h4 h5 10. Ng5 Nf5 11. g4 hxg4 12. Qxg4 Rh5 13. Bd2 Qb6 14. O-O-O Rb8 15.
b3 c4 16. dxc4 dxc4 17. Nce4 cxb3 18. axb3 Qd4 19. Bc3 Qb6 20. Nd6+ Nxd6 21.
Rxd6 Bf8 22. Rd2 Qc5 23. Ne4 Qe3 24. Nf6+ 1-0

[Event "SG Jasmund-Königsspringer SC 1984"]
[Site "?"]
[Date "2020.09.10"]
[Round "2.3"]
[White "Peters, Malte"]
[Black "Wellßow, Keoki"]
[Result "1-0"]
[WhiteElo "1387"]
[BlackElo "1578"]
[PlyCount "153"]
[EventDate "2020.??.??"]
[WhiteTeam "Königsspringer SC 1984"]
[BlackTeam "SG Jasmund"]

1. e4 g6 2. d4 Bg7 3. Bc4 d6 4. Be3 Nd7 5. Nf3 e6 6. O-O Ne7 7. Qd2 O-O 8. Bh6
e5 9. Bxg7 Kxg7 10. Nc3 f5 11. Be6 Nf6 12. Bxc8 Qxc8 13. dxe5 dxe5 14. exf5
Qxf5 15. Nxe5 Qxe5 16. Rfe1 Qc5 17. Na4 Qc6 18. Rxe7+ Rf7 19. Rxf7+ Kxf7 20.
Nc3 Re8 21. Re1 Rxe1+ 22. Qxe1 Qb6 23. b3 Qa5 24. Qe3 Nd5 25. Nxd5 Qxd5 26. Qe2
Qd4 27. Qf3+ Kg7 28. c3 Qd2 29. g3 Qxa2 30. Qxb7 Qa1+ 31. Kg2 Qxc3 32. Qxa7
Qc6+ 33. f3 Qc2+ 34. Kh1 Qd1+ 35. Kg2 Qc2+ 36. Qf2 Qxb3 37. Qd4+ Kf7 38. Qd7+
Kf6 39. Qxc7 Qa2+ 40. Kh3 Qe6+ 41. g4 Qe1 42. Qf4+ Kg7 43. g5 Qf1+ 44. Kh4 Qf2+
45. Qg3 Qd4+ 46. Kh3 Qd7+ 47. Qg4 Qd3 48. Kh4 Qd1 49. f4 Qe1+ 50. Qg3 Qe4 51.
Qc3+ Kg8 52. Qc8+ Kg7 53. Qc7+ Kg8 54. Qb8+ Kf7 55. Qc7+ Kg8 56. Qe5 Qf3 57.
Qe8+ Kg7 58. Qd7+ Kg8 59. Qd2 Qe4 60. Kg3 Qb1 61. Qe3 Kg7 62. h4 Qd1 63. Qf3
Qxf3+ 64. Kxf3 Kf7 65. Kg3 Ke7 66. Kg4 Ke6 67. f5+ gxf5+ 68. Kf4 Kf7 69. Kxf5
h6 70. Kf4 Kf8 71. g6 Kg7 72. Kf5 Kg8 73. Kf6 Kf8 74. g7+ Kg8 75. Kg6 h5 76.
Kh6 Kf7 77. Kh7 1-0

[Event "SG Jasmund-Königsspringer SC 1984"]
[Site "?"]
[Date "2020.09.10"]
[Round "2.4"]
[White "Wellßow, Lio Keanu"]
[Black "Riege, Ole"]
[Result "0-1"]
[WhiteElo "1207"]
[BlackElo "1207"]
[PlyCount "42"]
[EventDate "2020.??.??"]
[WhiteTeam "SG Jasmund"]
[BlackTeam "Königsspringer SC 1984"]

1. e4 c6 2. d4 d5 3. Nc3 dxe4 4. Nxe4 Nf6 5. Nxf6+ exf6 6. Nf3 Bd6 7. Bd3 O-O
8. O-O Bg4 9. h3 Bh5 10. Re1 Qc7 11. Bf5 Nd7 12. Qd3 Bg6 13. Bd2 Bxf5 14. Qxf5
Rfe8 15. Bg5 fxg5 16. Nxg5 Nf6 17. Re3 Rxe3 18. fxe3 h6 19. Nf3 Re8 20. Re1 Qe7
21. Kf2 Qe4 0-1